On social evolution: Phenomenon and paradigm (Record no. 1224883)

MARC details
000 -LEADER
fixed length control field 00587nam a2200217Ia 4500
005 - DATE AND TIME OF LATEST TRANSACTION
control field 20241129104215.0
008 - FIXED-LENGTH DATA ELEMENTS--GENERAL INFORMATION
fixed length control field 241129s9999||||xx |||||||||||||| ||und||
020 ## - INTERNATIONAL STANDARD BOOK NUMBER
International Standard Book Number 9780367436278
037 ## - SOURCE OF ACQUISITION
Stock number Textual
040 ## - CATALOGING SOURCE
Original cataloging agency RTL
Language of cataloging eng
Transcribing agency RTL
041 ## - LANGUAGE CODE
Language code of text/sound track or separate title eng
Source of code eng
084 ## - COLON CLASSIFICATION NUMBER
Classification number Y7 R0
Assigning agency RTL
100 ## - MAIN ENTRY--PERSONAL NAME
Personal name Tang Shiping
9 (RLIN) 324156
245 #0 - TITLE STATEMENT
Title On social evolution: Phenomenon and paradigm
Statement of responsibility, etc. Tang Shiping
260 ## - PUBLICATION, DISTRIBUTION, ETC.
Place of publication, distribution, etc. London
Name of publisher, distributor, etc. Routledge
Date of publication, distribution, etc. 2020
300 ## - PHYSICAL DESCRIPTION
Extent viii,249p.
365 ## - TRADE PRICE
Price type code INR
Price amount 3770.76
650 ## - SUBJECT ADDED ENTRY--TOPICAL TERM
Topical term or geographic name entry element Drama
9 (RLIN) 663379
942 ## - ADDED ENTRY ELEMENTS (KOHA)
Koha item type Textbook
Classification part Y7 R0
Holdings
Withdrawn status Lost status Damaged status Not for loan Home library Current library Date acquired Source of acquisition Cost, normal purchase price Inventory number Total Checkouts Full call number Barcode Date last seen Price effective from Koha item type
        Ratan Tata Library Ratan Tata Library 2024-11-29 Classic book service 3770.76 245 & 22/02/2023   Y7 R0 RT1502819 2024-11-29 2024-11-29 Textbook
Copyright @ Delhi University Library System